[Event "Chigorin Mem"]
[Site "St Petersburg RUS"]
[Date "2000.10.31"]
[Round "1"]
[White "Turov,M"]
[Black "Kachar,V"]
[Result "1-0"]
[WhiteElo "2539"]
[BlackElo "2304"]

1.d4 d5 2.c4 c6 3.Nc3 Nf6 4.Nf3 dxc4 5.a4 Bf5 6.Nh4 e6 7.Nxf5 exf5 8.e3 Bb4
9.Bxc4 O-O 10.O-O Nbd7 11.Bd2 Bd6 12.a5 Qe7 13.a6 b5 14.Be2 Nb6 15.Bf3 Rac8
16.g3 Qe6 17.Re1 Ne4 18.Qc2 Rfe8 19.Bg2 b4 20.Nxe4 fxe4 21.Rec1 c5 22.dxc5 Bxc5
23.Qb1 Nc4 24.Be1 Nxe3 25.Rxc5 Rxc5 26.fxe3 Qb3 27.Bxe4 Rce5 28.Bxh7+ Kh8
29.Bc2 Qxe3+ 30.Bf2 Qd2 31.Qd1 Re2 32.Qxd2 Rxd2 33.Bd1 Red8 34.Bf3 Rxb2 35.Bxa7 b3  1-0

[Event "34th Olympiad"]
[Site "Istanbul TUR"]
[Date "2000.11.01"]
[Round "5"]
[White "Erdogan,H"]
[Black "Santamaria,V"]
[Result "1-0"]
[WhiteElo "2217"]
[BlackElo "2214"]

1.d4 d5 2.c4 c6 3.Nc3 Nf6 4.Nf3 dxc4 5.a4 Bf5 6.e3 e6 7.Bxc4 Bb4 8.O-O O-O
9.Qe2 Nbd7 10.Rd1 Qe7 11.e4 Bg6 12.e5 Nd5 13.Bg5 f6 14.exf6 gxf6 15.Bh6 Rfe8
16.Rac1 N7b6 17.Bb3 Nc8 18.Nh4 Qf7 19.Nxg6 hxg6 20.Rd3 Nd6 21.Bd2 a5 22.Qg4 Nf5
23.Rf3 Qg7 24.h4 Rad8 25.Bc2 Kf7 26.Bb3 Nc7 27.Be3 Nd5 28.h5 Rg8 29.Nxd5 cxd5
30.Rc7+ Be7 31.Qxg6+ Qxg6 32.hxg6+ Rxg6 33.Bc2 Rg4 34.Bxf5 exf5 35.Rxb7 Ke8  1-0

[Event "Chigorin Mem"]
[Site "St Petersburg RUS"]
[Date "2000.11.02"]
[Round "3"]
[White "Ulko,J"]
[Black "Kotanjian,T"]
[Result "1/2-1/2"]
[WhiteElo "2456"]
[BlackElo "2272"]

1.d4 d5 2.c4 c6 3.Nf3 Nf6 4.Nc3 dxc4 5.a4 Bf5 6.Ne5 e6 7.g3 Bb4 8.Bg2 Ne4
9.O-O Nxc3 10.bxc3 Bxc3 11.Ba3 Qxd4 12.Nxc4 Qxc4 13.Qd6 Bf6 14.Rfd1 e5 15.Qc7 Nd7
16.Qxb7 Rb8 17.Qxa7 Rd8 18.Rac1 Qb3 19.Bd6 e4 20.Qa5 g6 21.g4 Bxg4 22.Bxe4 Qb6
23.Qd2 c5 24.Qf4 Be6 25.Bd3 Bg5 26.Qg3 Bh4 27.Bxc5 Qxc5 28.Qxh4 Qe7 29.Qh6 Qf8
30.Qh4 Qe7 31.Qh6 Qf8 32.Qh4 Qg7 33.Qb4 Qe5 34.Bb5 Qg5+ 35.Kh1 Qe7 36.Qxe7+ Kxe7
37.Rc7 h5 38.h4 Rc8 39.Rcxd7+ Bxd7 40.Rxd7+ Ke6 41.Rb7 Rb8 42.Bc4+ Ke5 43.Rxf7 Rb4
44.Re7+ Kf6 45.Rf7+ Ke5 46.Re7+ Kf6 47.Rf7+  1/2-1/2

[Event "Chigorin Mem"]
[Site "St Petersburg RUS"]
[Date "2000.11.02"]
[Round "3"]
[White "Bratchenko,A"]
[Black "Popov,Val"]
[Result "0-1"]
[WhiteElo "2411"]
[BlackElo "2557"]

1.d4 d5 2.c4 c6 3.Nf3 Nf6 4.Nc3 dxc4 5.a4 Bf5 6.e3 e6 7.Bxc4 Bb4 8.O-O Nbd7
9.Nh4 Bg6 10.g3 O-O 11.Nxg6 hxg6 12.Qe2 Qa5 13.Na2 Qxa4 14.e4 Qa5 15.g4 e5
16.f4 exd4 17.g5 Nh5 18.e5 b5 19.Nxb4 Qxa1 20.Bd3 Nc5 21.Nxc6 Nxd3 22.Qxd3 Rae8
23.Qxd4 Qa6 24.Qc5 Kh7 25.Nxa7 b4 26.Bd2 Ra8 27.Be3 Qe2 28.Rf2 Qg4+ 29.Rg2 Qd1+
30.Kf2 Rxa7 31.Qxa7 Rc8  0-1

[Event "Chigorin Mem"]
[Site "St Petersburg RUS"]
[Date "2000.11.02"]
[Round "3"]
[White "Moiseenko,A"]
[Black "Timofeev,An"]
[Result "1-0"]
[WhiteElo "2582"]
[BlackElo "2359"]

1.d4 d5 2.c4 c6 3.Nf3 Nf6 4.Nc3 dxc4 5.a4 Bf5 6.Nh4 Bc8 7.e3 g6 8.Bxc4 Bg7
9.O-O O-O 10.e4 e5 11.dxe5 Nfd7 12.Nf3 Nxe5 13.Nxe5 Qxd1 14.Rxd1 Bxe5 15.f4 Bc7
16.Be3 Bb6 17.Kf2 Bxe3+ 18.Kxe3 a5 19.e5 Bf5 20.h3 Na6 21.Rd6 Nc5 22.Kd4 Ne6+
23.Bxe6 Bxe6 24.Rd1 Rfc8 25.g4 Rab8 26.Ne4 b5 27.Nf6+ Kg7 28.Kc5 Bb3 29.R1d2 bxa4
30.Rxc6 Be6 31.Rxc8 Rxc8+ 32.Kb5 h5 33.Kxa5 hxg4 34.hxg4 Ra8+ 35.Kb4 Kf8
36.Ka3 Ke7 37.Rd4 Bb3 38.Rd7+ Ke6 39.Rd6+ Ke7 40.Rd7+ Ke6 41.Rd6+ Ke7 42.Nd5+ Kf8
43.Nb6 Ra7 44.Rd8+ Ke7 45.Rd4 Rb7 46.Nc8+ Kf8 47.Rd8+ Kg7 48.Nd6 Rb6 49.Ne8+ Kh6
50.Nf6 g5 51.Rh8+ Kg7 52.Rg8+  1-0

[Event "Chigorin Mem"]
[Site "St Petersburg RUS"]
[Date "2000.11.04"]
[Round "4"]
[White "Makarov,M"]
[Black "Kuporosov,V"]
[Result "0-1"]
[WhiteElo "2515"]
[BlackElo "2456"]

1.Nf3 d5 2.d4 Nf6 3.c4 c6 4.Nc3 dxc4 5.a4 Bf5 6.Ne5 Nbd7 7.Nxc4 Qc7 8.g3 e5
9.dxe5 Nxe5 10.Bf4 Nfd7 11.Bg2 f6 12.O-O Rd8 13.Qc1 Be6 14.Nxe5 Nxe5 15.a5 a6
16.Ne4 Be7 17.Nc5 Bxc5 18.Qxc5 Qe7 19.Rfc1 Rd1+ 20.Rxd1 Qxc5 21.Be3 Qe7 22.Rac1 Nc4
23.Bd4 Kf7 24.b3 Nxa5 25.Bc5 Qc7 26.Bd6 Qb6 27.b4 Nc4 28.Bc5 Qc7 29.f4 g6
30.Rd3 Rd8 31.Rdc3 Nd2 32.e4 Nb3 33.f5 Nxc5 34.Rxc5 gxf5 35.exf5 Bb3  0-1

[Event "Chigorin Mem"]
[Site "St Petersburg RUS"]
[Date "2000.11.04"]
[Round "4"]
[White "Popov,Val"]
[Black "Frolov,D"]
[Result "1/2-1/2"]
[WhiteElo "2557"]
[BlackElo "2447"]

1.d4 d5 2.c4 c6 3.Nf3 Nf6 4.Nc3 dxc4 5.a4 Bf5 6.e3 e6 7.Bxc4 Bb4 8.O-O Nbd7
9.Nh4 Bg6 10.Qb3 a5 11.g3 Nb6 12.Be2 Bh5 13.Bxh5 Nxh5 14.e4 Nf6 15.Rd1 O-O
16.Bg5 h6 17.Bxf6 Qxf6 18.Na2 Qe7 19.Nf3 Rfd8 20.Kg2 Nd7 21.Rac1 Nf6 22.Qc2 Rac8
23.h3  1/2-1/2

[Event "3rd Open"]
[Site "Etang Sale FRA"]
[Date "2000.11.05"]
[Round "9"]
[White "Stromer,A"]
[Black "Hafner,C"]
[Result "1-0"]
[WhiteElo "2263"]
[BlackElo "2110"]

1.d4 d5 2.c4 c6 3.Nc3 Nf6 4.Nf3 dxc4 5.a4 Bf5 6.Nh4 Bg4 7.f3 Bh5 8.g4 Bg6
9.Ng2 Nbd7 10.h4 h6 11.Nf4 Qc7 12.Bh3 e5 13.Nxg6 fxg6 14.g5 Nd5 15.dxe5 Bb4
16.Bd2 Bxc3 17.Bxc3 Nxe5 18.Qd4 Nxc3 19.Qxc3 hxg5 20.hxg5 Nd3+ 21.exd3 Qg3+
22.Kd2 Rxh3 23.Rae1+ Kf8 24.Qb4+ Kg8 25.Qxc4+ Kh7 26.Rxh3+ Qxh3 27.Re4 Qg2+
28.Kc3 Qxg5 29.Rh4+ Qxh4 30.Qxh4+ Kg8 31.Qe7  1-0

[Event "34th Olympiad Women"]
[Site "Istanbul TUR"]
[Date "2000.11.05"]
[Round "8"]
[White "Wang Lei"]
[Black "Le Kieu Thien Kim"]
[Result "1-0"]
[WhiteElo "2498"]
[BlackElo "2331"]

1.d4 d5 2.c4 c6 3.Nc3 Nf6 4.Nf3 dxc4 5.a4 Bf5 6.Ne5 e6 7.f3 Bb4 8.e4 Nxe4
9.fxe4 Qh4+ 10.Ke2 Bxc3 11.bxc3 Bxe4 12.Be3 c5 13.Qe1 Qe7 14.Kf2 f6 15.Nxc4 e5
16.dxc5 O-O 17.Nd6 Bc6 18.Qd2 Nd7 19.Bc4+ Kh8 20.Nf5 Qe8 21.Bd5 Bxd5 22.Qxd5 Rd8
23.Rhd1 Qg6 24.Qf3 e4 25.Qxe4 Rfe8 26.Qf4 Ne5 27.Rxd8 Rxd8 28.Kg1 Qh5 29.Bd4  1-0

[Event "Chigorin Mem"]
[Site "St Petersburg RUS"]
[Date "2000.11.05"]
[Round "5"]
[White "Biriukov,O"]
[Black "Ustinov,M"]
[Result "1-0"]
[WhiteElo "2382"]
[BlackElo "2172"]

1.d4 d5 2.c4 c6 3.Nf3 Nf6 4.Nc3 dxc4 5.a4 Bf5 6.Ne5 e6 7.f3 Bb4 8.e4 Bxe4
9.fxe4 Nxe4 10.Bd2 Qxd4 11.Nxe4 Qxe4+ 12.Qe2 Bxd2+ 13.Kxd2 Qd5+ 14.Kc2 Na6
15.Nxc4 O-O 16.Qf3 Rfd8 17.Be2 Qc5 18.Kb1 Nb4 19.Rc1 Qg5 20.Qg4 Qc5 21.Ra3 Rd4
22.Qh5 Rd5 23.Ne5 Qe7 24.Rh3 h6 25.Bc4 Rd2 26.Rg3 Nd5 27.Rf1 f5 28.Qxh6 Rd4
29.Bxd5 cxd5 30.Rxg7+ Qxg7 31.Qxe6+ Kh8 32.Rxf5 Qh7 33.Ng6+  1-0

[Event "Chigorin Mem"]
[Site "St Petersburg RUS"]
[Date "2000.11.05"]
[Round "5"]
[White "Turov,M"]
[Black "Kuporosov,V"]
[Result "1-0"]
[WhiteElo "2539"]
[BlackElo "2456"]

1.d4 d5 2.c4 c6 3.Nf3 Nf6 4.Nc3 dxc4 5.a4 Bf5 6.Ne5 Nbd7 7.Nxc4 Qc7 8.Bg5 e6
9.f3 Nd5 10.e4 Nxc3 11.bxc3 Bg6 12.Qd2 f6 13.Bh4 Be7 14.Rd1 Rd8 15.Be2 O-O
16.O-O Kh8 17.Qb2 e5 18.Bf2 b6 19.Bg3 Rfe8 20.Rd2 Bf7 21.Rfd1 Bxc4 22.Bxc4 Bd6
23.Kh1 Nf8 24.Ba2 Ng6 25.Qb3 exd4 26.Bxd6 Rxd6 27.Rxd4 Rxd4 28.cxd4 c5 29.dxc5 Qxc5
30.Qb5 Qxb5 31.axb5 Ne5 32.Bd5 g5 33.Rc1 Re7 34.Kg1 Kg7 35.Rc8 Nd3 36.g3 Nc5
37.Kf2 g4 38.Rg8+ Kh6 39.Rxg4 Nd3+ 40.Ke3 Ne5 41.Rg8 Rc7 42.f4 Nc4+ 43.Kd3 Nd6
44.Bc6 Nc8 45.Be8 Nd6 46.g4 Rc5 47.e5 Rd5+ 48.Ke3 Nxe8 49.Rxe8 Rxb5 50.exf6 Kg6
51.g5  1-0

[Event "Chigorin Mem"]
[Site "St Petersburg RUS"]
[Date "2000.11.06"]
[Round "6"]
[White "Guseva,O"]
[Black "Loginov,A"]
[Result "0-1"]
[WhiteElo "2173"]
[BlackElo "2338"]

1.d4 Nf6 2.Nf3 d5 3.c4 c6 4.Nc3 dxc4 5.a4 Bf5 6.Ne5 Nbd7 7.Nxc4 Qc7 8.g3 e5
9.dxe5 Nxe5 10.Bf4 Nfd7 11.Bg2 f6 12.O-O Nc5 13.e4 Bg6 14.Nxe5 fxe5 15.Be3 Rd8
16.Qc2 Be7 17.Rad1 O-O 18.b4 Na6 19.b5 Nc5 20.bxc6 bxc6 21.Ne2 Qa5 22.Rc1 Nd3
23.Rb1 Nb4 24.Bd2 c5 25.Rfd1 Qa6 26.Bxb4 cxb4 27.Bf1 Rc8 28.Qb2 Qf6 29.Qb3+ Bf7
30.Qb2 Bg6 31.Qb3+ Kh8 32.Qb2 b3 33.f4 Rc2 34.Qxe5 Qxe5 35.fxe5 Bb4 36.Nd4 Rd8  0-1

[Event "Chigorin Mem"]
[Site "St Petersburg RUS"]
[Date "2000.11.08"]
[Round "7"]
[White "Bocharov,D"]
[Black "Kotov,Vi"]
[Result "0-1"]
[WhiteElo "2438"]
[BlackElo "2099"]

1.Nf3 d5 2.d4 Nf6 3.c4 c6 4.Nc3 dxc4 5.a4 Bf5 6.Nh4 Bg4 7.h3 Bh5 8.g4 Bg6
9.Bg2 e6 10.O-O Bb4 11.Nxg6 hxg6 12.e4 O-O 13.Be3 Na6 14.Qe2 c5 15.Rfd1 Qa5
16.Qxc4 cxd4 17.Bxd4 e5 18.Be3 Bc5 19.g5 Bxe3 20.fxe3 Nh7 21.h4 Rac8 22.Qb5 Qb6
23.Nd5 Qe6 24.Qxb7 Rc2 25.Rdc1 Nc5 26.Qb5 Rxg2+ 27.Kxg2 Qg4+ 28.Kf2 Nxe4+
29.Ke1 Rd8 30.Rd1 Qxh4+ 31.Ke2 Qf2+ 32.Kd3 Nhxg5 33.Rac1 Ne6 34.Qa5 Nf6 35.Qxd8+ Nxd8
36.Rc8 e4+ 37.Kc3 Nxd5+ 38.Rxd5 Qxe3+ 39.Kc2 g5 40.Rcxd8+ Kh7 41.Re8 g4 42.Rde5 g3
43.Rxe4 Qf2+ 44.Re2 Qf1 45.R8e3 f5  0-1

[Event "34th Olympiad"]
[Site "Istanbul TUR"]
[Date "2000.11.10"]
[Round "13"]
[White "Comas Fabrego,L"]
[Black "Hauchard,A"]
[Result "1/2-1/2"]
[WhiteElo "2516"]
[BlackElo "2539"]

1.d4 d5 2.c4 c6 3.Nf3 Nf6 4.Nc3 dxc4 5.a4 Bf5 6.e3 e6 7.Bxc4 Bb4 8.O-O O-O
9.Qe2 Bg6 10.Ne5 Nbd7 11.Nxg6 hxg6 12.Rd1 Qa5 13.e4 e5 14.Na2 Be7 15.d5 cxd5
16.exd5 Bd6 17.Bd2 Qc7 18.Rac1 Rac8 19.a5 Qb8 20.Nc3 a6 21.Na4 Rfe8 22.h3 Rc7
23.Qe3 Qd8 24.Ba2 Rxc1 25.Rxc1 Qb8 26.Qb3 Rc8 27.Rxc8+ Qxc8 28.Qc4 Qxc4 29.Bxc4 Ne4
30.Be1 Bb8 31.Kf1 Nd6 32.Ba2 Kf8 33.Bb4 Ke8 34.Ke2 Nf5 35.Bd2 Bd6 36.b4 Ne7
37.Nb2 Nf6 38.Nc4 Kd7 39.Nb6+ Ke8 40.Nc4 Kd7 41.Nb6+ Ke8 42.Kd3 Bc7 43.Na4 Bd6
44.Nb6 Bc7 45.Na4 Bd6 46.Nb6  1/2-1/2

[Event "Chigorin Mem"]
[Site "St Petersburg RUS"]
[Date "2000.11.10"]
[Round "9"]
[White "Guseva,O"]
[Black "Cistiakova,E"]
[Result "1/2-1/2"]
[WhiteElo "2173"]
[BlackElo "2098"]

1.d4 d5 2.Nf3 Nf6 3.c4 c6 4.Nc3 dxc4 5.a4 Bf5 6.e3 e6 7.Bxc4 Ne4 8.O-O Bd6
9.Bd3 Nxc3 10.bxc3 Bxd3 11.Qxd3 O-O 12.e4 Nd7 13.Rd1 Qc7 14.e5 Be7 15.Ng5 Bxg5
16.Bxg5 c5 17.Qg3 f6 18.Bf4 fxe5 19.dxe5 Rf5 20.Rd6 Raf8 21.Rxe6 Rxf4 22.Re7 g6
23.e6 Qd6 24.Rxd7 Qxe6 25.Rxb7 Rxf2 26.Qxf2 Rxf2 27.Kxf2 Qf6+ 28.Kg1 Qxc3
29.Rd1 Qa5 30.h3 c4 31.Kh1 h5 32.Rdd7 Qe1+ 33.Kh2 Qe5+ 34.Kg1 Qe1+ 35.Kh2  1/2-1/2

[Event "Chigorin Mem"]
[Site "St Petersburg RUS"]
[Date "2000.11.10"]
[Round "9"]
[White "Sherbakov,R"]
[Black "Dzhakaev,D"]
[Result "0-1"]
[WhiteElo "2558"]
[BlackElo "2403"]

1.d4 d5 2.c4 c6 3.Nf3 Nf6 4.Nc3 dxc4 5.a4 Bf5 6.Ne5 Nbd7 7.Nxc4 Qc7 8.Bg5 Ne4
9.Nxe4 Bxe4 10.f3 Bg6 11.Qd2 f6 12.Bh4 e5 13.dxe5 Nxe5 14.Nxe5 fxe5 15.a5 Qd6
16.e4 Bf7 17.Qc3 Qb4 18.Bd3 Qxc3+ 19.bxc3 Be7 20.Bg3 Bd6 21.Bf2 Kd7 22.Ke2 Kc7
23.Rhb1 c5 24.Be3 Be6 25.g3 Rhf8 26.Rb5 Bd7 27.Rb2 Be6 28.Rab1 Rab8 29.Rb5 b6
30.Ra1 Kc6 31.c4 Rf7 32.Rab1 Bh3 33.Kf2 Bg4 34.Be2 Be6 35.h4 h6 36.Kg2 Rff8
37.Ra1 Rf7 38.Rab1 Rff8 39.Ra1 Rf7 40.Rb2 Rff8 41.Rd2 Bc7 42.a6 Rf6 43.Rc1 Bd6
44.Rcd1 Bc7 45.f4 exf4 46.gxf4 Rg6+ 47.Kf2 Rf8 48.h5 Rg5 49.Bf3 Bg4 50.Bxg4 Rxg4
51.Kf3 Rh4 52.f5 Rh3+ 53.Ke2 Re8 54.Rg1 Be5 55.Rg6+ Bf6 56.Bxh6 Rxe4+ 57.Kf2 Rxh5
58.Kf3 Re5 59.Bf4 Rhxf5 60.Kg4 Rxf4+ 61.Kxf4 Re1 62.Kf5 Rc1 63.Rg4 Bd4 64.Rg6+ Bf6
65.Rg4 Ra1 66.Ke6 Re1+ 67.Kf5 Re5+ 68.Kf4 Re7 69.Kf3 b5 70.cxb5+ Kxb5 71.Rd6 c4
72.Re4 Rc7 73.Rd5+ Kxa6 74.Re6+ Kb7 75.Rb5+ Kc8 76.Ke2 c3 77.Kd1  0-1

[Event "FSIM November"]
[Site "Budapest HUN"]
[Date "2000.11.13"]
[Round "10"]
[White "Dudas,Jano"]
[Black "Vargyas,Z"]
[Result "1-0"]
[WhiteElo "2338"]
[BlackElo "2154"]

1.d4 Nf6 2.c4 c6 3.Nc3 d5 4.Nf3 dxc4 5.a4 Bf5 6.Ne5 e6 7.e3 Nbd7 8.Nxc4 Bb4
9.Be2 Qe7 10.O-O Rd8 11.Qb3 O-O 12.Na2 Bd6 13.Qxb7 Bb8 14.Nb4 Bxh2+ 15.Kxh2 Rb8
16.Nxc6 Ng4+ 17.Kg1 Qh4 18.Qc7 Rfc8 19.Qf4 Rxc6 20.e4 g5 21.Qxg5+ Qxg5 22.Bxg5 Bxe4
23.Na5 Rd6 24.Bxg4 Rd5 25.Bf4 Rxa5 26.Bxb8 Nxb8 27.b4  1-0

[Event "Tenkes Kupa"]
[Site "Harkany HUN"]
[Date "2000.11.18"]
[Round "3"]
[White "Galyas,M"]
[Black "Hajnal,Z"]
[Result "1/2-1/2"]
[WhiteElo "2420"]
[BlackElo "2357"]

1.d4 d5 2.c4 c6 3.Nf3 Nf6 4.Nc3 dxc4 5.a4 Bf5 6.e3 e6 7.Bxc4 Bb4 8.O-O O-O
9.Qe2 Nbd7 10.e4 Bg6 11.Bd3 Bh5 12.e5 Nd5 13.Ne4 c5 14.Ng3 Bg6 15.Bxg6 fxg6
16.Rd1 Qc7 17.Bd2 Bxd2 18.Rxd2  1/2-1/2

[Event "Autumn Cup GM"]
[Site "Bucharest ROM"]
[Date "2000.11.20"]
[Round "1"]
[White "Florean,A"]
[Black "Itkis,B"]
[Result "0-1"]
[WhiteElo "2441"]
[BlackElo "2384"]

1.d4 d5 2.c4 c6 3.Nc3 Nf6 4.Nf3 dxc4 5.a4 Bf5 6.Ne5 e6 7.f3 Bb4 8.e4 Bxe4
9.fxe4 Nxe4 10.Bd2 Qxd4 11.Nxe4 Qxe4+ 12.Qe2 Bxd2+ 13.Kxd2 Qd5+ 14.Kc2 Na6
15.Nxc4 O-O 16.Qf3 Qc5 17.Kb1 Rad8 18.Be2 Rd4 19.Rc1 Rfd8 20.Ra3 Nb4 21.g4 Qg5
22.Rac3 h6 23.Qg3 Nd5 24.Rd3 Nf4 25.Rxd4 Rxd4 26.Bf1 b5 27.axb5 cxb5 28.Na3 b4
29.Nb5 Rd2 30.Qe1 Qd5 31.Qe3 Ng2 32.Bxg2 Qxg2 33.Qe5 Rd5 34.Qb8+ Kh7 35.Nc7 Qe4+
36.Ka2 Rd2  0-1

[Event "VI Open"]
[Site "Lisbon POR"]
[Date "2000.11.20"]
[Round "3"]
[White "Vilela,JL"]
[Black "Santos,Ju"]
[Result "0-1"]
[WhiteElo "2384"]
[BlackElo "2040"]

1.Nf3 Nf6 2.c4 c6 3.d4 d5 4.Nc3 dxc4 5.a4 Bf5 6.Ne5 e6 7.f3 h6 8.e4 Bh7 9.Nxc4 Nbd7
10.Be3 Nb6 11.Ne5 Nfd7 12.Nd3 a5 13.Qb3 Bd6 14.Be2 O-O 15.O-O Kh8 16.Rfd1 Qb8
17.f4 Nc8 18.Rac1 Na7 19.Bf3 Rc8 20.e5 Bf8 21.Nc5 Rc7 22.N3e4 Nc8 23.Rd2 Ndb6
24.Nd6 Nd5 25.Nde4 b6 26.Nxe6 fxe6 27.g3 Bb4 28.Rdd1 Nxe3 29.Qxe3 Ne7 30.Qe2 Nd5
31.Nc3 Raa7 32.Be4 Bxe4 33.Nxe4 Qf8 34.Rf1 c5 35.f5 exf5 36.Nd6 cxd4 37.Rxc7 Rxc7
38.Nxf5 Qc5 39.Kh1 Ne3 40.Nxe3 dxe3 41.Qd3 Qc6+ 42.Kg1 Rd7 43.Qe2 Rd2  0-1

[Event "Tenkes Kupa"]
[Site "Harkany HUN"]
[Date "2000.11.24"]
[Round "9"]
[White "Horvath,P1"]
[Black "Waller,H"]
[Result "1-0"]
[WhiteElo "2434"]
[BlackElo "2212"]

1.d4 d5 2.c4 c6 3.Nf3 Nf6 4.Nc3 dxc4 5.a4 Bf5 6.Ne5 e6 7.f3 Bb4 8.e4 Bg6
9.Bxc4 Nbd7 10.Nxd7 Qxd7 11.O-O O-O 12.Be3 Rad8 13.Qb3 Ba5 14.Rfd1 Qc7 15.Kh1 Bb6
16.Ne2 Qb8 17.a5 Bc7 18.Bg5 Rde8 19.Qe3 Nd7 20.b4 h6 21.Bh4 a6 22.e5 Bd8
23.Be1 Be7 24.Qb3 Kh8 25.Ra2 Bh7 26.Nc3 Bg5 27.Re2 Rd8 28.Bg3 Qc8 29.Ne4 Bxe4
30.Rxe4 Rfe8 31.Ree1 Nf8 32.f4 Be7 33.f5 Rd7 34.Rf1 Qd8 35.f6 gxf6 36.exf6 Bd6
37.Qe3 Kh7 38.h4 Ng6 39.h5 Bxg3 40.hxg6+ fxg6 41.Qxg3 Rxd4 42.Rxd4  1-0

[Event "Open"]
[Site "Mallorca ESP"]
[Date "2000.12.08"]
[Round "7"]
[White "Herraiz Lopez,H"]
[Black "Franco Ocampos,Z"]
[Result "1/2-1/2"]
[WhiteElo "2415"]
[BlackElo "2512"]

1.Nf3 d5 2.d4 Nf6 3.c4 c6 4.Nc3 dxc4 5.a4 Bf5 6.Nh4 Bc8 7.e3 e5 8.Bxc4 exd4
9.exd4 Be7 10.O-O O-O 11.Re1 Nd5 12.Nf3 Be6 13.Qb3 Na6 14.Nxd5  1/2-1/2

[Event "Open"]
[Site "Mallorca ESP"]
[Date "2000.12.09"]
[Round "8"]
[White "Kolev,At"]
[Black "Braga,F"]
[Result "1-0"]
[WhiteElo "2582"]
[BlackElo "2455"]

1.d4 d5 2.c4 c6 3.Nf3 Nf6 4.Nc3 dxc4 5.a4 Bf5 6.Ne5 Nbd7 7.Nxc4 Nb6 8.Ne5 a5
9.f3 Nfd7 10.Nxd7 Nxd7 11.e4 Bg6 12.h4 f6 13.Bc4 Qb6 14.Qe2 Qxd4 15.Be3 Qd6
16.Rd1 Qg3+ 17.Kf1 Qc7 18.Be6 Rd8 19.f4 Bf7 20.Qc4 Bxe6 21.Qxe6 g6 22.h5 Bh6
23.hxg6 hxg6 24.Rxh6  1-0

[Event "Open"]
[Site "Zadar CRO"]
[Date "2000.12.15"]
[Round "7"]
[White "Vaulin,A"]
[Black "Delchev,A"]
[Result "1-0"]
[WhiteElo "2552"]
[BlackElo "2557"]

1.d4 d5 2.c4 c6 3.Nf3 Nf6 4.Nc3 dxc4 5.a4 Bf5 6.Ne5 e6 7.f3 Bb4 8.e4 Bxe4
9.fxe4 Nxe4 10.Bd2 Qxd4 11.Nxe4 Qxe4+ 12.Qe2 Bxd2+ 13.Kxd2 Qd5+ 14.Kc2 Na6
15.Nxc4 b5 16.axb5 Nb4+ 17.Kc3 cxb5 18.Rd1 bxc4 19.Rxd5 Nxd5+ 20.Kd2 O-O
21.Qe5 Rac8 22.Be2 c3+ 23.bxc3 Nxc3 24.Bf3 Rfd8+ 25.Ke3 Nd5+ 26.Kf2 Nf6 27.Rb1 h5
28.Rb4 Rd7 29.Rf4 Rc2+ 30.Kg3 Rdc7 31.Rxf6 R7c5 32.Rxe6 Rxe5 33.Rxe5 g6 34.Re7 Rc5
35.Rxa7 Kg7 36.Be4 Re5 37.Kf4 Re6 38.Rd7 Kf8 39.h3 Kg7 40.Ra7 Rb6 41.Bd5 Rf6+
42.Ke3 Rf5 43.Kd4 Rf4+ 44.Kc5 Rf2 45.Rb7 Kf8 46.Kd4 Kg7 47.Bf3 Rf1 48.Ra7 Re1
49.Rc7 Ra1 50.Be2 Ra5 51.Bd3 Kf8 52.Ke3 Kg7 53.Kf4 Rd5 54.Rxf7+ Kg8 55.Bxg6 Rd2
56.g3 h4 57.g4  1-0

[Event "Belgian Interteams 2000-1"]
[Site "BEL"]
[Date "2000.12.17"]
[Round "5"]
[White "Van Laatum,G"]
[Black "Marcus,J"]
[Result "1/2-1/2"]
[WhiteElo "2329"]
[BlackElo "2292"]

1.d4 d5 2.c4 c6 3.Nf3 Nf6 4.Nc3 dxc4 5.a4 Bf5 6.Ne5 Nbd7 7.Nxc4 Qc7 8.g3 e5
9.dxe5 Nxe5 10.Bf4 Nfd7 11.Qd4 f6 12.Bg2 Bc5 13.Bxe5 fxe5 14.Qd2 O-O 15.O-O Rad8
16.Ne3 Nf6 17.Qc1 Be6 18.Ne4 Nxe4 19.Bxe4 Qb6 20.Nd1 Bb4 21.Qg5 Qd4 22.Qh4 Bf5
23.Bxf5 Rxf5 24.Qh3 Qd7 25.Qg4 Bd2 26.Ra3 Rf7 27.Qe4 Qf5 28.Qc4 Rd4 29.Qa2 e4
30.Ne3 Bxe3 31.Rxe3 Qd5 32.Qa3 c5 33.Rc1 b6 34.Rf1 h6 35.a5 Rd2 36.axb6 axb6
37.b3 Rd4 38.Qa6 Rb4 39.Qa2 Rd7 40.Qc2 Qd2 41.Qb1 Rdd4 42.Qa1  1/2-1/2

[Event "TCh-YUG Women"]
[Site "Kragujevac YUG"]
[Date "2000.12.18"]
[Round "8"]
[White "Prudnikova,S"]
[Black "Velcheva,M"]
[Result "1/2-1/2"]
[WhiteElo "2428"]
[BlackElo "2302"]

1.d4 d5 2.c4 c6 3.Nf3 Nf6 4.Nc3 dxc4 5.a4 Bf5 6.e3 e6 7.Bxc4 Bb4 8.O-O O-O
9.Qe2 Nbd7 10.e4 Bg4 11.Rd1 Qe7 12.h3 Bxf3 13.Qxf3 e5 14.Bb3 exd4 15.Rxd4 Ne5
16.Qe2 Rad8 17.Rxd8 Rxd8 18.Be3 Bc5 19.Rd1 Rxd1+ 20.Bxd1 a6 21.Bg5  1/2-1/2

[Event "Abel Cardona Open"]
[Site "Cali COL"]
[Date "2000.12.22"]
[Round "9"]
[White "Komarov,D"]
[Black "Garcia,Gild"]
[Result "0-1"]
[WhiteElo "2556"]
[BlackElo "2448"]

1.d4 Nf6 2.Nf3 d5 3.c4 c6 4.Nc3 dxc4 5.a4 Bf5 6.Ne5 Nbd7 7.Nxc4 Qc7 8.g3 e5
9.dxe5 Nxe5 10.Bf4 Nfd7 11.Bg2 Be6 12.Nxe5 Nxe5 13.Qd4 f6 14.O-O a5 15.Rac1 Rd8
16.Qe4 Bb4 17.Nb5 Qd7 18.Bxe5 fxe5 19.Qxe5 O-O 20.Na3 Bb3 21.Nc4 Rde8 22.Qh5 g6
23.Qh3 Qxh3 24.Bxh3 Rxe2 25.Bg4 Re4 26.Ne3 Bd2 27.Bd1 Rxe3  0-1

[Event "Ambassador Open"]
[Site "Bern SUI"]
[Date "2000.12.29"]
[Round "6"]
[White "Ermeni,A"]
[Black "Kiss,Pa"]
[Result "0-1"]
[WhiteElo "2246"]
[BlackElo "2400"]

1.d4 d5 2.Nf3 Nf6 3.c4 c6 4.Nc3 Bf5 5.a4 dxc4 6.e3 e6 7.Bxc4 Bb4 8.O-O O-O
9.Qb3 Qe7 10.Bd2 c5 11.dxc5 Bxc5 12.a5 Nc6 13.Rfc1 Rfd8 14.Na4 Bd6 15.h3 Rac8
16.Be2 Ne4 17.Be1 h6 18.Rc4 Ne5 19.Rd4 Nf6 20.Nc3 Nc6 21.Rc4 e5 22.Rca4 Nb4
23.e4 Be6 24.Qd1 Bc5 25.Bd2 Bd7 26.R4a3 Bc6 27.Qb1 Rd7 28.Be1 Rcd8 29.Rb3 Qe6
30.Nd5 Nbxd5 31.exd5 Nxd5 32.Nh4 Nf4 33.Re3 Bxe3 34.Bg4 Qd5 35.fxe3 Nxg2
36.Bf3 Qb3 37.Ra3 Qe6 38.Bg4 Qd5 39.e4 Qxe4 40.Qxe4 Bxe4 41.Bxd7 Nxh4  0-1

[Event "108th ch-NZL"]
[Site "Auckland NZL"]
[Date "2001.01.03"]
[Round "4"]
[White "Metge,J"]
[Black "Green,P"]
[Result "0-1"]
[WhiteElo "2152"]
[BlackElo "2239"]

1.d4 d5 2.c4 c6 3.Nf3 Nf6 4.Nc3 dxc4 5.a4 Bf5 6.e3 e6 7.Bxc4 Bb4 8.O-O O-O
9.Qe2 Ne4 10.Bd3 Nxc3 11.bxc3 Bxd3 12.Qxd3 Bd6 13.Rb1 b6 14.Rd1 Nd7 15.c4 Qc7
16.Bb2 Rfe8 17.e4 Rad8 18.e5 Be7 19.Rbc1 Nc5 20.Qc2 Na6 21.Qe4 Qb7 22.h4 Nb4
23.Rc3 h6 24.Rb3 a5 25.Nd2 Qd7 26.Rg3 Kh8 27.Nf3 Rg8 28.Bc1 Bf8 29.Ng5 g6
30.Qf4 Rg7 31.Ne4 Be7 32.Nf6 Bxf6 33.Qxf6 Kh7 34.Qf4 h5 35.Qe4 c5 36.Bg5 Qxa4
37.Bxd8 Qxd1+ 38.Kh2 Qxd4 39.Qxd4 cxd4 40.Bxb6 d3 41.Be3 Rg8 42.Bd2 Rc8 43.Bxb4 axb4
44.Rxd3 Rxc4 45.g3 Rc5 46.Rd7 Rb5 47.Rxf7+ Kh6 48.Rc7 b3 49.Rc1 Rxe5 50.Rb1 Rb5
51.Kg2 Kg7 52.Kf3 Kf6 53.Ke4 b2 54.Kd4 Kf5 55.Kc4 Rb6 56.Kc5 Rb8 57.Kd6 Ke4
58.Kxe6 Rb6+  0-1

[Event "108th ch-NZL"]
[Site "Auckland NZL"]
[Date "2001.01.04"]
[Round "5"]
[White "Wastney,S"]
[Black "Dive,RJ"]
[Result "0-1"]
[WhiteElo "2219"]
[BlackElo "2414"]

1.Nf3 d5 2.d4 Nf6 3.c4 c6 4.Nc3 dxc4 5.a4 Bf5 6.Ne5 c5 7.e3 Nc6 8.Nxc6 bxc6
9.Bxc4 cxd4 10.exd4 e6 11.O-O Be7 12.Re1 O-O 13.Bf4 Qb6 14.b3 Rfd8 15.Be5 Bb4
16.Qf3 Rac8 17.Rec1 Ng4 18.Bf4 Rxd4 19.h3 Rxf4 20.Qxf4 Nxf2 21.Kh2 Bc5 22.Rf1 Qd8
23.g3 Nxh3 24.Qf3 Qd2+ 25.Ne2 Ng5 26.Qf4 Be3 27.Qe5 h6 28.Ba6 Rd8  0-1

[Event "3rd Hilton Open"]
[Site "Basle SUI"]
[Date "2001.01.07"]
[Round "7"]
[White "Loeffler,M"]
[Black "Kiss,Pa"]
[Result "1-0"]
[WhiteElo "2379"]
[BlackElo "2400"]

1.d4 d5 2.Nf3 Nf6 3.c4 c6 4.Nc3 dxc4 5.a4 Bf5 6.e3 e6 7.Bxc4 Bb4 8.O-O O-O
9.Ne5 Nbd7 10.Qb3 Qb6 11.Nxd7 Nxd7 12.Rd1 Rad8 13.Bd2 a5 14.Be1 e5 15.f3 exd4
16.exd4 Ne5 17.Bf2 Nxc4 18.Qxc4 Bxc3 19.bxc3 Bc2 20.Rdc1 Bf5 21.Re1 Rde8
22.d5 cxd5 23.Qxd5 Rxe1+ 24.Rxe1 Be6 25.Qe5 Qd8 26.Bd4 Qf6 27.Qxa5 Qg6 28.Qb4 Qc2
29.Qxb7 Bc4 30.Qb4 Be6 31.Qe7 Qg6 32.a5 h6 33.a6 Bd5 34.Qe5 Ba8 35.a7 f6
36.Qf4 Kh7 37.h3 Rc8 38.Re7  1-0

[Event "TCh-Fin Qualifier"]
[Site "FIN"]
[Date "2001.01.07"]
[Round "1"]
[White "Johansson,Ju"]
[Black "Tuominen,M"]
[Result "1-0"]
[WhiteElo "2066"]
[BlackElo "2188"]

1.d4 d5 2.c4 c6 3.Nf3 Nf6 4.Nc3 dxc4 5.a4 Bf5 6.e3 e6 7.Bxc4 Nbd7 8.O-O Bb4
9.Qe2 O-O 10.Nh4 Bg4 11.f3 Bh5 12.g4 Nd5 13.Qf2 Be7 14.Ng2 Bg6 15.e4 N5b6
16.Bb3 e5 17.Be3 exd4 18.Bxd4 Bf6 19.a5 Nc8 20.f4 h6 21.e5 Be7 22.f5 Bh7
23.f6 gxf6 24.exf6 Bb4 25.Qf4 Nd6 26.Qxh6 Ne8 27.Rae1 Ndxf6 28.Bxf6 Nxf6
29.Rxf6 Qd4+ 30.Kh1 Qd3 31.Qg5+ Kh8 32.Rxf7 Rxf7 33.Bxf7 Bxc3 34.bxc3 Qxc3
35.Qh5 Qf6 36.g5 Qg7 37.g6 Rf8 38.Be8 Kg8 39.Qxh7+ Qxh7 40.gxh7+ Kxh7  1-0

[Event "Troll Masters"]
[Site "Gausdal NOR"]
[Date "2001.01.08"]
[Round "4"]
[White "Kristensen,Bj"]
[Black "Parr,E"]
[Result "1-0"]
[WhiteElo "2385"]
[BlackElo "2229"]

1.d4 d5 2.c4 c6 3.Nc3 Nf6 4.Nf3 dxc4 5.a4 Bf5 6.e3 e6 7.Bxc4 Bb4 8.O-O O-O
9.Qe2 Ne4 10.Ne5 Nxc3 11.bxc3 Bxc3 12.Ra3 Bb4 13.e4 Bg6 14.Rh3 Nd7 15.Nxg6 hxg6
16.Bb2 Nf6 17.f4 Re8 18.g4 Qb6 19.g5 Nh5 20.f5 Rad8 21.Kh1 Rxd4 22.Bxd4 Qxd4
23.fxg6 fxg6 24.Qf3 Qd7 25.Qg4 Bd6 26.Rd3 Qe7 27.e5 Bxe5 28.Re3 Qc5 29.Rfe1 Bf4
30.Rxe6 Qxc4 31.Rxe8+ Kh7 32.Qe6 Qxe6 33.R1xe6 Bxg5 34.Rb8 Bd2 35.Rxb7 a5
36.Rxc6 Nf4 37.Rcc7 Ne6 38.Re7 Nc5 39.Rxg7+ Kh6 40.Rh7+ Kg5 41.Rb5 Bb4 42.Rc7  1-0